Conservación de las tortugas continentales de Colombia : (Registro nro. 18278)

Detalles MARC
000 -CABECERA
Campo de control 01180nam a22002777a 4500
005 - FECHA Y HORA DE LA ULTIMA TRANSACCION
Campo de control 20191224042243.0
008 - ELEMENTOS DE LONGITUD FIJA—INFORMACION GENERAL
Campo de control 160413t2015 ck do fr|||| 00| 0 spa d
020 ## - ISBN
ISBN 9789588889399
040 ## - FUENTE DE CATALOGACIÓN
Agencia catalogadora original CO-BoIAVH
Agencia transcriptora CO-BoIAVH
041 0# - IDIOMA
Código de idioma para texto/pista de sonido o título separado Español
044 ## - PAÍS DE PUBLICACIÓN
País de publicación Colombia
082 04 - NUMERO DE CLASIFICACION DECIMAL DEWEY
Número de clasificación 597.92
Número del ítem C75t
245 00 - MENCION DE TITULO
Título Conservación de las tortugas continentales de Colombia :
Parte restante del título evaluación 2012-2013 y propuesta 2015-2020 /
Mención de responsabilidad editado por Mónica A. Morales-Betancourt, Vivian P. Paez y Carlos A. Lasso
260 ## - PUBLICACION, DISTRIBUCION, ETC. (PIE DE IMPRENTA)
Lugar de publicación, distribución, etc. Bogotá :
Nombre del editor, distribuidor, etc. Instituto de Investigación de Recursos Biológicos Alexander von Humboldt,
Fecha de publicación, distribución, etc. 2015.
300 ## - DESCRIPCION FISICA
Extensión 28 páginas :
Otros detalles físicos tablas y fotografías a color ;
Dimensiones 28 x 22 centímetros
504 ## - NOTA DE BIBLIOGRAFIA, ETC.
Nota de bibliografía Incluye referencias bibliográficas: página 98.
650 26 - ASIENTO SECUNDARIO DE MATERIA - TERMINO TEMATICO
Término temático o nombre geográfico como elemento de entrada Especies en peligro de extinción
9 (RLIN) 255
650 26 - ASIENTO SECUNDARIO DE MATERIA - TERMINO TEMATICO
Término temático o nombre geográfico como elemento de entrada Herpetología
Subdivisión general tortugas
9 (RLIN) 65255
650 14 - ASIENTO SECUNDARIO DE MATERIA - TERMINO TEMATICO
Término temático o nombre geográfico como elemento de entrada Tortugas continentales
Subdivisión geográfica Colombia
9 (RLIN) 65256
650 14 - ASIENTO SECUNDARIO DE MATERIA - TERMINO TEMATICO
Término temático o nombre geográfico como elemento de entrada Tortugas continentales
Subdivisión general conservación
9 (RLIN) 65257
650 24 - ASIENTO SECUNDARIO DE MATERIA - TERMINO TEMATICO
Término temático o nombre geográfico como elemento de entrada Planes estratégicos
9 (RLIN) 65258
700 1# - ASIENTO SECUNDARIO - NOMBRE PERSONAL
Nombre personal Paez, Viviana P.
Término de relación editora
9 (RLIN) 452
700 1# - ASIENTO SECUNDARIO - NOMBRE PERSONAL
Nombre personal Lasso, Carlos A.
Término de relación editor
9 (RLIN) 242
700 1# - ASIENTO SECUNDARIO - NOMBRE PERSONAL
9 (RLIN) 5946
Nombre personal Morales-Betancourt, Mónica
Término de relación editora
942 ## - ELEMENTOS ADICIONALES (KOHA)
Sistema de clasificación Dewey Decimal Classification
Tipo de ítem Libro
Koha issues (borrowed), all copies 2
Existencias
Withdrawn status Lost status Sistema de Clasificación Damaged status No para préstamo Colección Inventariado Ubicación Permanente Ubicación actual Fecha de adquisición Fuente de Valor Valor Total Checkouts Número topográfico Inventario / Código de Barras Date last seen Date checked out Ejemplar Price effective from Forma de adquisición Tipo de material
    Dewey Decimal Classification     Humboldt Inventariado 2017 Bogotá Bogotá 13/04/2016 Instituto 39000.00 2 IAVH-597.92 C75t 039934 15/09/2017 15/09/2017 Ej. 1 13/04/2016 Institucional Libro
    Dewey Decimal Classification     Humboldt   Bogotá Bogotá 02/10/2017       IAVH-597.92 C75t 041708 02/10/2017   Ej. 4 02/10/2017 Institucional Libro
    Dewey Decimal Classification     Humboldt   Bogotá Bogotá 02/10/2017       IAVH-597.92 C75t 041710 02/10/2017   Ej. 5 02/10/2017 Institucional Libro
    Dewey Decimal Classification     Humboldt   Bogotá Bogotá 04/10/2017       IAVH-597.92 C75t 041709 04/10/2017   Ej. 6 04/10/2017 Institucional Libro
    Dewey Decimal Classification     Humboldt Inventariado 2017 Sala Fabio Quevedo Sala Fabio Quevedo 13/04/2016 Instituto 39000.00   IAVH-597.92 C75t 039935 13/04/2016   Ej. 2 13/04/2016 Institucional Libro
    Local     Humboldt Inventariado 2017 Villa de Leyva Villa de Leyva 30/08/2017       IAVH-597.92 C75t 042827 30/08/2017   Ej. 3 30/08/2017 Institucional Folleto